Jadrová technika Anglicko-nemecko-francúzsko-rusko-slovenský slovník

Guardado en:
Detalles Bibliográficos
Autor principal: Sube, Ralf
Formato: Libro
Lenguaje:eslovaco
inglés
Publicado: Bratislava Alfa 1987
Edición:1. vyd.
Materias:
Etiquetas: Agregar Etiqueta
Sin Etiquetas, Sea el primero en etiquetar este registro!

MARC

LEADER 00000nam a2200000 4500
001 c024624
005 20221219094611.2
041 0 |a slo 
041 0 |a eng 
044 |a SK 
245 1 0 |a Jadrová technika  |b Anglicko-nemecko-francúzsko-rusko-slovenský slovník  |c Ralf Sube 
250 |a 1. vyd. 
264 1 |a Bratislava  |b Alfa  |c 1987 
300 |a 804 s. 
610 2 0 |a jazykoveda 
610 2 0 |a terminológia 
100 1 |a Sube, Ralf